000 01042nam a2200289 i 4500
003 EG-GICUC
005 20260421164336.0
008 260421s1960 fr ||||fr|||| 000 0 fre d
040 _a EG-GICUC
_bara
_c EG-GICUC
_d EG-GICUC
_erda
041 0 _aara
082 0 4 _221
_a343.766
_bBU . É
092 0 4 _221
099 _aLaw1 10 343.766 BU . É 1960
110 1 _aBureau D'études Et De Documentation.
_bBulletin De La Direction De L'administration Penitentiaire.
_cfrance.
245 1 0 _aÉtudes Pénitentiaires /
_cBulletin De La Direction De L'administration Penitentiaire. Bureau D'études Et De Documentation.
264 1 _aMelun :
_bImprimerie Administrative,
_c1960.
300 _a93 pages pages non numérotées ;
_c24 cm.
336 _2rda content
_atext
337 _2rda media
_aComputer
338 _2rda carrier
_aOnline Resource
546 _aTexte en français
650 1 _2Droit pénal
651 1 _2qrmak
856 4 0 _uhttps://fll.law.cu.edu.eg/fulltext/bks/B10-10657.pdf
905 _a62
942 _2ddc
_n0
_cBK
_e21
999 _c72569
_d72569